01524 a2200193 45000010006000000050017000060080041000230030015000640400040000790800044001192450061001630200018002242500011002422640035002533000019002885050860003071000023011678560140011902609120260407155543.0260407a1992 arg spa dAR-UNSa-BCEJYS aAR-UNSa-BCEJYSbspacAR-UNSa-BCEJYS a657.6:004xAuditoría en Informática10aAuditoría y seguridad de los sistemas de computación a950-543-072-8 a2a. ed 1aBuenos Aires :bCangalloc1992 a536 p.c23 cm. a1. Introducción - 2. El entorno electrónico - 3. El control interno electrónico - 4. Relevamiento y evaluación del sistema de control interno electrónico - 5. Auditoría sin el empleo del computador - 6. Empleo del computador para las verificaciones o pruebas de procedimientos - 7. Más sobre el empleo del computador para las verificaciones o pruebas de procedimientos - 8. Auditoría de la información procesada por el sistema. El programa especial - 9. Auditoría de la información procesada por el sistema.Paquetes para auditoría(Generalized audit software o GAS) - 10. Seguridad de los sistemas de computación - 11. Auditoría y microcomputadores - 12. El delito informático - 13. La pericia técnica del autor, papeles de trabajo del auditor y conclusiones finales - 14. Gráficos explicativos - 15. Cuadros explicativos.1 aNardelli, Jorge R.41uhttps://biblioeco.unsa.edu.ar/pmb/images/libros/Auditor?a y seguridad de los sistemas de computaci?n.jpgyImagen de portadaqimage/jpeg